000 00218 a2200109 4500
020 _a9788484701057
041 _aspa
100 _aCarl Norac y Claude K. Dubois
245 _aSoy un cielo
942 _cBK
999 _c6252
_d6252
999 _d6252